My Favorite EMINƎM Song from each album - Statistics

General Stats
  • This quiz has been taken 22 times
    8 since last reset
  • The average score is 6 of 11
Answer Stats
Hint Answer % Correct
(Music to be Murdered By) G. Godzilla
71%
(The Slim Shady LP) G.C. Guilty Conscience
71%
(ƎNCORE) M. Mockingbird
71%
(RELAPSƎ) B. Beautiful
57%
(RECOVƎRY) N. A. Not Afraid
57%
(The Marshall Mathers LP) S. Stan
57%
(The Marshall Mathers LP 2) T. M. The Monster
57%
(RƎVIVAL) C. Castle
43%
(KAMIKAZƎ) F. Fall
43%
(The EMINƎM Show) S. F. T. M. Sing for the Moment
43%
(THE DƎATH OF SLIM SHADY) T. Temporary
29%
No matching quizzes found
Score Distribution
Percent of People with Each Score
Percentile by Number Answered
Your Score History
You have not taken this quiz since the last reset